Process : (Record no. 23015)
[ view plain ]
| 000 -LEADER | |
|---|---|
| fixed length control field | 02002cam a22003255a 4500 |
| 001 - CONTROL NUMBER | |
| control field | 016536606 |
| 003 - CONTROL NUMBER IDENTIFIER | |
| control field | EG-ScBUE |
| 005 - DATE AND TIME OF LATEST TRANSACTION | |
| control field | 20220814105119.0 |
| 008 - FIXED-LENGTH DATA ELEMENTS--GENERAL INFORMATION | |
| fixed length control field | 130826s2014 enka f 001 0 eng d |
| 020 ## - INTERNATIONAL STANDARD BOOK NUMBER | |
| International Standard Book Number | 9780415522649 (pbk.) |
| 020 ## - INTERNATIONAL STANDARD BOOK NUMBER | |
| Cancelled/invalid ISBN | 0415522641 (pbk.) |
| 040 ## - CATALOGING SOURCE | |
| Original cataloging agency | StDuBDS |
| Language of cataloging | eng |
| Description conventions | rda |
| Transcribing agency | StDuBDS |
| Modifying agency | Uk |
| -- | EG-ScBUE |
| 082 04 - DEWEY DECIMAL CLASSIFICATION NUMBER | |
| Edition number | 22 |
| Classification number | 720 |
| Item number | BOR |
| 100 1# - MAIN ENTRY--PERSONAL NAME | |
| Personal name | Borden, Gail Peter, |
| Relator term | author. |
| 9 (RLIN) | 40824 |
| 245 10 - TITLE STATEMENT | |
| Title | Process : |
| Remainder of title | material and representation in architecture / |
| Statement of responsibility, etc | Gail Peter Borden. |
| 264 #1 - PUBLICATION, DISTRIBUTION, ETC. (IMPRINT) | |
| Place of publication, distribution, etc | Oxford ; |
| -- | New York, NY : |
| Name of publisher, distributor, etc | Routledge / Taylor & Francis Group, |
| Date of publication, distribution, etc | 2014. |
| 300 ## - PHYSICAL DESCRIPTION | |
| Extent | 287 pages : |
| Other physical details | illustrations (some color) ; |
| Dimensions | 29 cm |
| 336 ## - CONTENT TYPE | |
| Source | rdacontent |
| Content type term | text |
| Content type code | txt |
| 337 ## - MEDIA TYPE | |
| Source | rdamedia |
| Media type term | unmediated |
| Media type code | n |
| 338 ## - CARRIER TYPE | |
| Source | rdacarrier |
| Carrier type term | volume |
| Carrier type code | nc |
| 500 ## - GENERAL NOTE | |
| General note | Includes index.<br/> |
| 505 ## - FORMATTED CONTENTS NOTE | |
| Formatted contents note | Logic, point: Unit : UK Pavilion, Shanghai Expo / Heatherwick Studio -- Aggregation : Tongxian Art Gatehouse / Office dA -- Module : Maison Tropicale / Jean Prouve -- Network : de Young Museum / Herzog and de Meuron -- Logic, line: Stick/member : Jean Marie Tjibou Cultural Center / RPBW -- Grid : Falk House/House II / Peter Eisenman -- Frame/cage : US Pavilion at Expo 67 / Buckminster Fuller -- Field effect : Kimbell Art Museum / Louis I. Kahn -- Logic, surface: Wall : Barcelona Pavilion / Mies van der Rohe -- Facet : Tel Aviv Museum of Art / Preston Scott Cohen -- Shell : Los Manantiales Restaurant / Felix Candella -- Serial : Yokohama International Port Terminal / FOA -- Logic, mass: Cast/solid : Pantheon -- Void : Très Grand Bibliotheque / Rem Koolhaas, OMA -- Inversion : Brother Claus Field Chapel / Peter Zumthor -- Series : Monument to the Murdered Jews / Peter Eisenman. |
| 590 ## - LOCAL NOTE (RLIN) | |
| Local note | Wessam |
| 650 #7 - SUBJECT ADDED ENTRY--TOPICAL TERM | |
| Topical term or geographic name as entry element | Architectural design |
| Form subdivision | Case studies. |
| Source of heading or term | BUEsh |
| 9 (RLIN) | 13287 |
| 650 #7 - SUBJECT ADDED ENTRY--TOPICAL TERM | |
| Topical term or geographic name as entry element | Architecture |
| General subdivision | Composition, proportion, etc. |
| Form subdivision | Case studies. |
| Source of heading or term | BUEsh |
| 9 (RLIN) | 41656 |
| 651 ## - SUBJECT ADDED ENTRY--GEOGRAPHIC NAME | |
| Source of heading or term | BUEsh |
| 653 ## - INDEX TERM--UNCONTROLLED | |
| Resource For college | Engineering, Architecture |
| Arrived date list | November2016 |
| 655 ## - INDEX TERM--GENRE/FORM | |
| Form subdivision | Reading book |
| 9 (RLIN) | 34232 |
| 942 ## - ADDED ENTRY ELEMENTS (KOHA) | |
| Source of classification or shelving scheme | Dewey Decimal Classification |
| Edition | 22 |
| Call number prefix | 720 BOR |
| Koha item type | Book - Borrowing |
| Withdrawn status | Lost status | Source of classification or shelving scheme | Damaged status | Not for loan | Collection code | Home library | Current library | Shelving location | Date acquired | Source of acquisition | Cost, normal purchase price | Serial Enumeration / chronology | Total Checkouts | Total Renewals | Full call number | Barcode | Date last seen | Date checked out | Cost, replacement price | Price effective from | Koha item type |
|---|---|---|---|---|---|---|---|---|---|---|---|---|---|---|---|---|---|---|---|---|---|
| Dewey Decimal Classification | Baccah | Central Library | Central Library | Second Floor | 03/11/2016 | Purchase | 420.00 | 3654 | 1 | 12 | 720 BOR | 000034243 | 15/07/2025 | 23/10/2023 | 525.00 | 03/11/2016 | Book - Borrowing |